<?xml version="1.0" encoding="UTF-8"?>
<record
    xmlns:xsi="http://www.w3.org/2001/XMLSchema-instance"
    xsi:schemaLocation="http://www.loc.gov/MARC21/slim http://www.loc.gov/standards/marcxml/schema/MARC21slim.xsd"
    xmlns="http://www.loc.gov/MARC21/slim">

  <leader>02005nam0a2200361   4500</leader>
  <controlfield tag="001">RU\NLR\bibl\555988</controlfield>
  <controlfield tag="005">20250609161640.0</controlfield>
  <datafield tag="010" ind1=" " ind2=" ">
    <subfield code="a">5-02-025014-7</subfield>
    <subfield code="9">500</subfield>
  </datafield>
  <datafield tag="021" ind1=" " ind2=" ">
    <subfield code="a">RU</subfield>
    <subfield code="b">2004-50288</subfield>
    <subfield code="9">2475</subfield>
  </datafield>
  <datafield tag="035" ind1=" " ind2=" ">
    <subfield code="a">(NLR Aleph) 000548134</subfield>
  </datafield>
  <datafield tag="090" ind1=" " ind2=" ">
    <subfield code="a">1455330</subfield>
    <subfield code="c">1455330</subfield>
  </datafield>
  <datafield tag="100" ind1=" " ind2=" ">
    <subfield code="a">20040924d2004    |||y0rusy50      ca</subfield>
  </datafield>
  <datafield tag="101" ind1="0" ind2=" ">
    <subfield code="a">rus</subfield>
    <subfield code="d">eng</subfield>
  </datafield>
  <datafield tag="102" ind1=" " ind2=" ">
    <subfield code="a">RU</subfield>
  </datafield>
  <datafield tag="105" ind1=" " ind2=" ">
    <subfield code="a">a   |||||||||</subfield>
  </datafield>
  <datafield tag="200" ind1="1" ind2=" ">
    <subfield code="a">&#x41F;&#x430;&#x43B;&#x435;&#x43E;&#x433;&#x438;&#x434;&#x440;&#x43E;&#x442;&#x435;&#x440;&#x43C;&#x430;&#x43B;&#x44C;&#x43D;&#x430;&#x44F; &#x43F;&#x43E;&#x441;&#x442;&#x440;&#x43E;&#x439;&#x43A;&#x430; &#x43C;&#x430;&#x440;&#x433;&#x430;&#x43D;&#x446;&#x435;&#x432;&#x43E;&#x433;&#x43E; &#x43C;&#x435;&#x441;&#x442;&#x43E;&#x440;&#x43E;&#x436;&#x434;&#x435;&#x43D;&#x438;&#x44F; &#x41A;&#x44B;&#x437;&#x44B;&#x43B;-&#x422;&#x430;&#x448;, &#x42E;&#x436;&#x43D;&#x44B;&#x439; &#x423;&#x440;&#x430;&#x43B;: &#x441;&#x442;&#x440;&#x43E;&#x435;&#x43D;&#x438;&#x435;, &#x441;&#x43E;&#x441;&#x442;&#x430;&#x432;, &#x433;&#x435;&#x43D;&#x435;&#x437;&#x438;&#x441;</subfield>
    <subfield code="d">Paleohydrothermal edifice of the Kyzyl-Tash manganese deposit, the South Urals: structure, composition, genesis</subfield>
    <subfield code="f">&#x415;. &#x412;. &#x421;&#x442;&#x430;&#x440;&#x438;&#x43A;&#x43E;&#x432;&#x430;, &#x410;. &#x418;. &#x411;&#x440;&#x443;&#x441;&#x43D;&#x438;&#x446;&#x44B;&#x43D;, &#x418;. &#x413;. &#x416;&#x443;&#x43A;&#x43E;&#x432;</subfield>
    <subfield code="g">[&#x421;.-&#x41F;&#x435;&#x442;&#x435;&#x440;&#x431;. &#x433;&#x43E;&#x441;. &#x443;&#x43D;-&#x442;, &#x418;&#x43D;-&#x442; &#x43C;&#x438;&#x43D;&#x435;&#x440;&#x430;&#x43B;&#x43E;&#x433;&#x438;&#x438; &#x423;&#x440;. &#x43E;&#x442;&#x434;-&#x43D;&#x438;&#x44F; &#x420;&#x43E;&#x441;. &#x430;&#x43A;&#x430;&#x434;. &#x43D;&#x430;&#x443;&#x43A;]</subfield>
    <subfield code="z">eng</subfield>
  </datafield>
  <datafield tag="210" ind1=" " ind2=" ">
    <subfield code="a">&#x421;&#x41F;&#x431;.</subfield>
    <subfield code="c">&#x41D;&#x430;&#x443;&#x43A;&#x430;</subfield>
    <subfield code="d">2004</subfield>
  </datafield>
  <datafield tag="215" ind1=" " ind2=" ">
    <subfield code="a">229, [1] &#x441;.</subfield>
    <subfield code="c">&#x438;&#x43B;.</subfield>
    <subfield code="d">22</subfield>
  </datafield>
  <datafield tag="300" ind1=" " ind2=" ">
    <subfield code="a">&#x420;&#x435;&#x437;. &#x43D;&#x430; &#x430;&#x43D;&#x433;&#x43B;. &#x44F;&#x437;.</subfield>
  </datafield>
  <datafield tag="320" ind1=" " ind2=" ">
    <subfield code="a">&#x411;&#x438;&#x431;&#x43B;&#x438;&#x43E;&#x433;&#x440;.: &#x441;. 202-213</subfield>
  </datafield>
  <datafield tag="510" ind1="0" ind2=" ">
    <subfield code="6">z45790</subfield>
    <subfield code="a">Paleohydrothermal edifice of the Kyzyl-Tash manganese deposit, the South Urals: structure, composition, genesis</subfield>
    <subfield code="z">eng</subfield>
  </datafield>
  <datafield tag="607" ind1=" " ind2=" ">
    <subfield code="a">&#x41A;&#x44B;&#x437;&#x44B;&#x43B;-&#x422;&#x430;&#x448;, &#x43C;&#x430;&#x440;&#x433;&#x430;&#x43D;&#x446;&#x435;&#x432;&#x43E;&#x435; &#x43C;&#x435;&#x441;&#x442;&#x43E;&#x440;&#x43E;&#x436;&#x434;&#x435;&#x43D;&#x438;&#x435;</subfield>
    <subfield code="x">&#x41F;&#x440;&#x43E;&#x438;&#x441;&#x445;&#x43E;&#x436;&#x434;&#x435;&#x43D;&#x438;&#x435;</subfield>
    <subfield code="x">&#x41F;&#x430;&#x43B;&#x435;&#x43E;&#x433;&#x438;&#x434;&#x440;&#x43E;&#x442;&#x435;&#x440;&#x43C;&#x430;&#x43B;&#x44C;&#x43D;&#x44B;&#x435; &#x443;&#x441;&#x43B;&#x43E;&#x432;&#x438;&#x44F;</subfield>
    <subfield code="9">2350915</subfield>
    <subfield code="3">RU\NLR\auth\661404510</subfield>
  </datafield>
  <datafield tag="686" ind1=" " ind2=" ">
    <subfield code="a">&#x414;451.22-00</subfield>
  </datafield>
  <datafield tag="700" ind1=" " ind2="1">
    <subfield code="a">&#x421;&#x442;&#x430;&#x440;&#x438;&#x43A;&#x43E;&#x432;&#x430;</subfield>
    <subfield code="b">&#x415;. &#x412;.</subfield>
    <subfield code="g">&#x415;&#x43B;&#x435;&#x43D;&#x430; &#x412;&#x44F;&#x447;&#x435;&#x441;&#x43B;&#x430;&#x432;&#x43E;&#x432;&#x43D;&#x430;</subfield>
    <subfield code="4">070</subfield>
  </datafield>
  <datafield tag="701" ind1=" " ind2="1">
    <subfield code="a">&#x411;&#x440;&#x443;&#x441;&#x43D;&#x438;&#x446;&#x44B;&#x43D;</subfield>
    <subfield code="b">&#x410;. &#x418;.</subfield>
    <subfield code="g">&#x410;&#x43B;&#x435;&#x43A;&#x441;&#x435;&#x439; &#x418;&#x43B;&#x44C;&#x438;&#x447;</subfield>
    <subfield code="4">070</subfield>
  </datafield>
  <datafield tag="701" ind1=" " ind2="1">
    <subfield code="4">070</subfield>
    <subfield code="7">ca</subfield>
    <subfield code="8">rus</subfield>
    <subfield code="a">&#x416;&#x443;&#x43A;&#x43E;&#x432;</subfield>
    <subfield code="b">&#x418;. &#x413;.</subfield>
    <subfield code="c">&#x43A;&#x430;&#x43D;&#x434;. &#x433;&#x435;&#x43E;&#x43B;.-&#x43C;&#x438;&#x43D;&#x435;&#x440;&#x430;&#x43B;. &#x43D;&#x430;&#x443;&#x43A;</subfield>
    <subfield code="g">&#x418;&#x433;&#x43E;&#x440;&#x44C; &#x413;&#x435;&#x43D;&#x43D;&#x430;&#x434;&#x44C;&#x435;&#x432;&#x438;&#x447;</subfield>
    <subfield code="9">261114</subfield>
    <subfield code="3">RU\NLR\AUTH\770261170</subfield>
  </datafield>
  <datafield tag="790" ind1=" " ind2="1">
    <subfield code="6">z45510</subfield>
    <subfield code="a">Starikova</subfield>
    <subfield code="b">E. V.</subfield>
    <subfield code="g">Elena Vja&#x10D;eslavovna</subfield>
    <subfield code="4">070</subfield>
  </datafield>
  <datafield tag="801" ind1=" " ind2="0">
    <subfield code="a">RU</subfield>
    <subfield code="b">NLR</subfield>
    <subfield code="c">20040924</subfield>
    <subfield code="g">PSBO</subfield>
  </datafield>
  <datafield tag="801" ind1=" " ind2="1">
    <subfield code="a">RU</subfield>
    <subfield code="b">NLR</subfield>
    <subfield code="c">20040924</subfield>
  </datafield>
  <datafield tag="942" ind1=" " ind2=" ">
    <subfield code="c">BOOK</subfield>
  </datafield>
  <datafield tag="980" ind1=" " ind2=" ">
    <subfield code="a">NB</subfield>
  </datafield>
  <datafield tag="995" ind1=" " ind2=" ">
    <subfield code="5">2004-09-24</subfield>
    <subfield code="a">ad</subfield>
    <subfield code="b">NLR01</subfield>
    <subfield code="c">NLR01</subfield>
    <subfield code="e">RF3</subfield>
    <subfield code="f">757928</subfield>
    <subfield code="k">2004-5/4906</subfield>
    <subfield code="o">0</subfield>
    <subfield code="r">BOOK</subfield>
    <subfield code="s">200454906_</subfield>
  </datafield>
  <datafield tag="995" ind1=" " ind2=" ">
    <subfield code="5">2004-09-24</subfield>
    <subfield code="a">ad</subfield>
    <subfield code="b">NLR01</subfield>
    <subfield code="c">NLR01</subfield>
    <subfield code="e">RF3</subfield>
    <subfield code="f">757929</subfield>
    <subfield code="k">2004-5/4906</subfield>
    <subfield code="o">0</subfield>
    <subfield code="r">BOOK</subfield>
    <subfield code="s">200454906_</subfield>
  </datafield>
</record>
